Test z wiedzy ogólnej (Trudny) - Statystyki

Ogólne statystyki
  • Ten quiz został rozwiązany 240 razy
  • Średni wynik to 8 z 20
Statystyki odpowiedzi
Hint Odpowiedź % Poprawnych
Czy tlenek wodoru to inaczej woda? Tak
91%
Czy Francis Bacon był filozofem? Nie
87%
Jak nazywa się "serce komputera" Procesor
69%
Jak zapiszemy rok 2040 w systemierzymskim? MMXL
59%
Najbardziej śmierdzący a zarazem najsmaczniejszy owoc na świecie : Durian
52%
Kto wygrał pierwsze mistrzostwa świataw piłce nożnej mężczyzn? Urugwaj
52%
Do którego morza uchodzi Nil? Śródziemnego
51%
Egida w mitologii greckiej tarczaboga Zeusa - została wykuta przez : Hefajstosa
50%
Który zespół nagrał piosenkę o znajdującejsię w Liverpoolu ulicy Penny Lane? The Beatles
50%
W jakim kraju przyznawana jestnagroda Pulitzera? USA
43%
Jak nazywa się nakrycie głowy noszone przez większość muzułmanek? Hidżab
41%
Bohemizmy to zapożyczeniaz języka : Czeskiego
40%
Jak nazywali się Polscy spadochroniarzew konspiracyjnej Armii Krajowej na terenie Polski okupowanej przez Niemców i Sowietów w latach 1941-1944? Cichociemni
36%
Samiec dzika to : Odyniec
33%
Autorem utworu pt. "Ślubypanieńskie" jest : Aleksander Fredro
18%
Przynależność u tworu muzycznego do konkretnej gamy durowej lub molowej, na której jest on oparty, to : Tonacja
18%
Jakiego kraju to koordynaty? :00°18′49″N 32°34′52″E Uganda
7%
Jak nazywał/a się najmłodsza laureatka Nobla? Malala Yousafzai
2%
Kto jest autorem obrazu pt. "Ja i wieś"? Marc Chagall
2%
Co oznacza skrót CAPTCHA? Completely Automated PublicTuring test to tell Computers and Humans
1%
Nie znaleziono quizów pasujących do podanych kryteriów
Rozkład punktacji
Procent ludzi z każdym wynikiem
Percentyl według liczby udzielonych odpowiedzi
Twoja historia wyników
Nie rozwiązałeś tego quizu